| 000 | 00630nam a2200193 a 4500 | ||
|---|---|---|---|
| 001 | 000006120 | ||
| 005 | 20200929151934.0 | ||
| 008 | 090826s2004 dr r 001 0 spa d | ||
| 040 |
_aDO-SdBNP _bspa _cBNPHU |
||
| 082 |
_axxxx _bS958g |
||
| 100 | 1 |
_aSuñol Pérez, Sandra _911123 |
|
| 245 | 1 | 0 |
_aGestión ambiental empresarial y desarrollo sostenible / _cSandra Suñol Pérez. |
| 260 |
_aSanto Domingo, : _bUniversitaria, _c2004. |
||
| 300 |
_a127 p. ; _c21 cm. |
||
| 490 | 1 |
_aEstudios sociales _v10 |
|
| 500 | _aIncluye referencias bibliográficas | ||
| 500 | _aIncluye datos biográficos | ||
| 830 | 0 |
_aEstudios sociales _n10 _917231 |
|
| 999 |
_c5916 _d5916 |
||